| 000 | 00617nam a2200205 a 4500 | ||
|---|---|---|---|
| 001 | 10827 | ||
| 003 | CO-ViMGA | ||
| 008 | 141112s2004 ck r 000 u spa d | ||
| 040 |
_aCO-ViMGA _bspa _cCO-ViMGA |
||
| 082 | 0 | 4 | _a323.6 A523 |
| 100 | 1 |
_aGalan, Francisco Alberto, _914793 |
|
| 245 | 1 | 0 | _aParticipacion ciudadana y medio ambiente |
| 260 |
_aBogotá : _bFescol, _c1995 |
||
| 300 | _a78 p. | ||
| 505 | _aLey 99 de 1993 : SINA ; Sistema Nacional ambiental | ||
| 650 | 1 | 4 |
_aLEY 99 DE 1993 _914794 |
| 650 | 1 | 4 | _aMEDIO AMBIENTE - LEGISLACION |
| 650 | 1 | 4 |
_aSINA - SISTEMA NACIONAL AMBIENTAL _914795 |
| 942 |
_2ddc _cBK |
||
| 999 |
_c22047 _d22047 |
||